Catálogo
 En Linea

XV Feria Internacional del Libro Santo Domingo 2012 : (Registro nro. 40549)

Detalles MARC
000 -CABECERA
campo de control de longitud fija 01068nam a2200253 a 4500
001 - NÚMERO DE CONTROL
campo de control 000041059
003 - IDENTIFICADOR DEL NÚMERO DE CONTROL
campo de control DO-SdBNP
005 - FECHA Y HORA DE LA ÚLTIMA TRANSACCIÓN
campo de control 20220512130203.0
007 - CAMPO FIJO DE DESCRIPCIÓN FÍSICA--INFORMACIÓN GENERAL
campo de control de longitud fija ta
008 - DATOS DE LONGITUD FIJA--INFORMACIÓN GENERAL
campo de control de longitud fija 090701s2012 dr c 000 0 spa d
040 ## - FUENTE DE LA CATALOGACIÓN
Centro catalogador/agencia de origen DO-SdBNP
Lengua de catalogación spa
Centro/agencia transcriptor BNPHU
082 #4 - NÚMERO DE LA CLASIFICACIÓN DECIMAL DEWEY
Número de clasificación 021.7
Número de documento/Ítem F356p
Número de edición 22
111 2# - ENTRADA PRINCIPAL--NOMBRE DE CONGRESO/REUNIÓN
Nombre de congreso/reunión o jurisdicción como elemento de entrada Feria Internacional del Libro
Número del congreso/reunión o número de parte o sección (15ª :
Fecha del congreso/reunión 2012 : 18-6 abril-mayo
Sede del congreso/Lugar de la reunión Santo Domingo, República Dominicana)
9 (RLIN) 67550
245 10 - MENCIÓN DE TÍTULO
Título XV Feria Internacional del Libro Santo Domingo 2012 :
Resto del título programa.
246 10 - FORMA VARIANTE DE TÍTULO
Título propio/Titulo breve Decimoquinto Feria Internacional del Libro Santo Domingo, 2012
260 ## - PUBLICACIÓN, DISTRIBUCIÓN, ETC.
Lugar de publicación, distribución, etc. Santo Domingo :
Nombre del editor, distribuidor, etc. Dirección General de la Feria del Libro,
Fecha de publicación, distribución, etc. 2012.
300 ## - DESCRIPCIÓN FÍSICA
Extensión 223 p. :
Otras características físicas retr. ;
Dimensiones 24 cm.
500 ## - NOTA GENERAL
Nota general País invitado de honor: Centroamérica, dedicada a Enrriquillo Sánchez
500 ## - NOTA GENERAL
Nota general Llenate de lectura
611 2# - PUNTO DE ACCESO ADICIONAL DE MATERIA--NOMBRE DE REUNIÓN/CONGRESO
Nombre de congreso/reunión o jurisdicción como elemento de entrada Feria internacional del libro
Número del congreso/reunión o número de parte o sección (15ª :
Fecha del congreso/reunión 2012 :
Sede del congreso/Lugar de la reunión Santo Domingo, República Dominicana)
Subdivisión general Programas
9 (RLIN) 67551
650 #4 - PUNTO DE ACCESO ADICIONAL DE MATERIA--TÉRMINO DE MATERIA
Término de materia o nombre geográfico como elemento de entrada Feria del libro
Subdivisión general Programas
Subdivisión cronológica 2012
9 (RLIN) 67552
650 #4 - PUNTO DE ACCESO ADICIONAL DE MATERIA--TÉRMINO DE MATERIA
Término de materia o nombre geográfico como elemento de entrada Feria del libro
Subdivisión geográfica República Dominicana
Subdivisión cronológica 2012
9 (RLIN) 67553
942 ## - ELEMENTOS DE PUNTO DE ACCESO ADICIONAL (KOHA)
Fuente del sistema de clasificación o colocación Dewey Decimal Classification
Tipo de ítem Koha Libro
Existencias
Estado de retiro Estado de pérdida Fuente del sistema de clasificación o colocación Restricciones de uso No para préstamo Código de colección Localización permanente Ubicación/localización actual Ubicación en estantería Fecha de adquisición Signatura topográfica completa Código de barras Fecha visto por última vez Precio válido a partir de Tipo de ítem Koha Fuente de adquisición Total de préstamos Número de copia
    Dewey Decimal Classification Préstamo restringido   Patrimonio Dominicano Biblioteca Nacional Pedro Henríquez Ureña Biblioteca Nacional Pedro Henríquez Ureña En catalogación 16.09.2013 BNPHU PD 021.7 F356p 41059-10 25.06.2020 25.06.2020 Libro      
    Dewey Decimal Classification Préstamo restringido   Patrimonio Dominicano Biblioteca Nacional Pedro Henríquez Ureña Biblioteca Nacional Pedro Henríquez Ureña En catalogación 12.05.2022 BNPHU PD 021.7 F356p 2022-2044 12.05.2022 12.05.2022 Libro Donación   e.2

Con tecnología Koha